March Madness 2023 Teams - Statistics

General Stats
  • This quiz has been taken 80 times
  • The average score is 34 of 64
Answer Stats
Hint Answer % Correct
1 Kansas
90%
1 Purdue
89%
4 Uconn
89%
5 Duke
87%
2 Texas
87%
1 Alabama
86%
2 Arizona
86%
4 Virginia
79%
1 Houston
76%
5 San Diego State
76%
3 Baylor
75%
6 Kentucky
75%
4 Tennessee
75%
3 Gonzaga
73%
7 Michigan State
73%
8 Arkansas
68%
9 Florida Atlantic
68%
5 Miami
67%
13 Furman
63%
2 UCLA
63%
8 Iowa
62%
3 Kansas State
62%
2 Marquette
62%
8 Maryland
62%
16 FDU
60%
10 Penn State
60%
15 Princeton
60%
9 Auburn
59%
6 Creighton
57%
9 West Virginia
57%
9 Illinois
56%
4 Indiana
56%
7 Texas A&M
56%
10 USC
56%
8 Memphis
52%
6 TCU
52%
11 Arizona State
51%
7 Missouri
51%
6 Iowa State
49%
11 NC State
49%
3 Xavier
49%
11 Providence
41%
7 Northwestern
40%
12 VCU
38%
10 Boise State
37%
15 Colgate
37%
12 Oral Roberts
35%
11 Pittsburgh
33%
13 Iona
32%
14 Grand Canyon
30%
10 Utah State
30%
12 Drake
29%
16 Texas A&M-Corpus Christi
29%
5 St Mary's CA
27%
14 UCSB
27%
15 Vermont
27%
12 Charleston
25%
14 Kennesaw State
24%
16 Howard
22%
13 Kent State
22%
13 Louisiana
21%
14 Montana State
19%
16 Northern Kentucky
16%
15 UNC Asheville
16%
No matching quizzes found
Score Distribution
Percent of People with Each Score
Percentile by Number Answered
Your Score History
You have not taken this quiz